000
00267nam a2200109Ia 4500
008
190912s9999||||xx |||||||||||||| ||und||
100
_a
Shareef-ul-Mujahid
245
0
_a
Tahreek Pakistan
260
_a
Karachi
_b
Quaid-e-Azam Academy
_c
1987
300
_a
404
942
_c
BK
999
_c
7372
_d
7372